| 000 | 00654nam a2200229 a 4500 | ||
|---|---|---|---|
| 005 | 20210219153328.0 | ||
| 008 | 991125n 000 0 u | ||
| 035 | _aUPN01000091390 | ||
| 100 | _aSpiegel, Dixie Lee | ||
| 222 | _aYOUNG CHILDREN | ||
| 245 | _aParental perceptions of preschoolers' literacy development : implications for home-school partnership | ||
| 300 | _a74-79 | ||
| 362 | _a48, No. 5, 1993 | ||
| 505 | _aNoviembre 1993 | ||
| 653 | 0 | _aACTITUD DE LOS PADRES | |
| 653 | 0 | _aPADRES | |
| 653 | 0 | _aROL DE LOS PADRES | |
| 700 | _aFitzgerald, Jill | ||
| 700 | _aCunningham, James W. | ||
| 904 |
_aAC _b029201 |
||
| 905 | _aArticulo | ||
| 999 |
_c74005 _d74005 |
||